[Event "Lisbon Portugal op"]
[Site "Lisbon"]
[Date "2020.01.26"]
[Round "3"]
[White "Jaracz, Barbara"]
[Black "Van Ginkel, Henk"]
[Result "1-0"]
[WhiteElo "2200"]
[BlackElo "1855"]
[PlyCount "95"]
[EventDate "2020.01.25"]
[EventType "swiss"]
[EventRounds "9"]
[EventCountry "POR"]
[SourceTitle "CBM 194"]
[Source "ChessBase"]
[SourceDate "2020.01.27"]
[SourceVersion "1"]
[SourceVersionDate "2020.01.27"]
[SourceQuality "1"]

1. e4 d6 2. d4 Nf6 3. Nc3 g6 4. Nf3 Bg7 5. Bc4 Nxe4 6. Nxe4 d5 7. Bd3 dxe4 8. Bxe4 c6 9. c3 0-0 10. h3 Qc7 11. Be3 Nd7 12. 0-0 Nf6 13. Bc2 Nd5 14. Bg5 Be6 15. Qd2 Rad8 16. Rad1 b5 17. Rfe1 Rfe8 18. Bh6 Qc8 19. Bxg7 Kxg7 20. b3 Bf5 21. c4 Nf6 22. Ne5 Bxc2 23. Qxc2 b4 24. Qe2 Nd7 25. d5 Nxe5 26. Qxe5+ f6 27. Qe4 c5 28. Qf4 Qa6 29. Qc7 Qd6 30. Qxa7 Ra8 31. Qb7 Rxa2 32. g3 Kf7 33. Re6 Rb8 34. Rxe7+ Qxe7 35. Qxb8 Re2 36. d6 Re1+ 37. Rxe1 Qxe1+ 38. Kg2 Qe4+ 39. Kh2 Qd4 40. Qc7+ Kg8 41. Kg1 Qe5 42. Qc8+ Kf7 43. d7 Qe1+ 44. Kg2 Qe4+ 45. Kh2 Qf5 46. Qe8+ Kg7 47. Qe7+ Kh6 48. Qe3+ 1-0

[Event "Guernsey op 44th"]
[Site "Vale"]
[Date "2018.10.26"]
[Round "6"]
[White "Van Ginkel, Henk"]
[Black "Sikkel, Dirk"]
[Result "0-1"]
[WhiteElo "1842"]
[BlackElo "1969"]
[PlyCount "88"]
[EventDate "2018.10.21"]
[EventType "swiss"]
[EventRounds "7"]
[EventCountry "GCI"]
[SourceTitle "CBM 187 Extra"]
[Source "ChessBase"]
[SourceDate "2018.11.04"]
[SourceVersion "1"]
[SourceVersionDate "2018.11.04"]
[SourceQuality "1"]

1. e4 g6 2. Nc3 Bg7 3. g3 d6 4. Bg2 Nc6 5. d3 e5 6. f4 exf4 7. Bxf4 Be6 8. Nf3 Qd7 9. Qd2 h6 10. a3 Nge7 11. 0-0-0 g5 12. Be3 0-0-0 13. d4 d5 14. e5 Na5 15. b3 Nf5 16. Bf2 Bf8 17. Kb2 b6 18. Bf1 Kb8 19. g4 Ne7 20. h3 Ng6 21. Bg3 Be7 22. Ne1 h5 23. gxh5 Rxh5 24. Qf2 Rdh8 25. Nd3 g4 26. h4 Bxh4 27. Bxh4 Rxh4 28. Rxh4 Rxh4 29. Nf4 g3 30. Nxg6 gxf2 31. Nxh4 Nc6 32. Rd2 Qe7 33. Nf3 Bg4 34. Rxf2 Bxf3 35. Rxf3 Nxd4 36. Rf6 c6 37. Bh3 Qxe5 38. Rxf7 Nb5 39. Rf8+ Kb7 40. Rf7+ Nc7 41. Bg2 Qe6 42. Rg7 Qf6 43. Rd7 a5 44. Bxd5 cxd5 0-1

[Event "Lisbon Portugal op"]
[Site "Lisbon"]
[Date "2018.02.03"]
[Round "1"]
[White "Rocha, Sergio MC"]
[Black "Van Ginkel, Henk"]
[Result "1-0"]
[WhiteElo "2371"]
[BlackElo "1849"]
[PlyCount "53"]
[EventDate "2018.02.03"]
[EventType "swiss"]
[EventRounds "9"]
[EventCountry "POR"]
[SourceTitle "EXT 2019"]
[Source "ChessBase"]
[SourceDate "2018.10.10"]
[SourceVersion "1"]
[SourceVersionDate "2018.10.10"]
[SourceQuality "1"]

1. d4 Nf6 2. c4 c5 3. d5 b5 4. Nf3 Bb7 5. a4 bxc4 6. Nc3 d6 7. e4 g6 8. Bxc4 Bg7 9. 0-0 0-0 10. a5 Ba6 11. Qe2 Bxc4 12. Qxc4 Nbd7 13. h3 Rb8 14. Ra4 Qc7 15. b4 Rfc8 16. b5 Ne8 17. Bd2 Qb7 18. Rb1 Nc7 19. Ra3 Bxc3 20. a6 Nxa6 21. Qxc3 Nc7 22. Qe3 Nf6 23. Qh6 e6 24. Ng5 Nce8 25. dxe6 fxe6 26. Nxe6 Qxe4 27. Qf8# 1-0

[Event "Leiden LCT op-B 11th"]
[Site "Leiden"]
[Date "2017.07.21"]
[Round "7"]
[White "Van Ginkel, Henk"]
[Black "Sandijck, Pieter"]
[Result "1-0"]
[WhiteElo "1846"]
[BlackElo "1782"]
[PlyCount "47"]
[EventDate "2017.07.14"]
[EventType "swiss"]
[EventRounds "9"]
[EventCountry "NED"]
[SourceTitle "EXT 2018"]
[Source "ChessBase"]
[SourceDate "2017.10.13"]
[SourceVersion "1"]
[SourceVersionDate "2017.10.13"]
[SourceQuality "1"]

1. e4 c5 2. Nc3 Nc6 3. g3 Nf6 4. Bg2 d6 5. d3 g6 6. f4 Bg7 7. Nf3 Nd4 8. Nxd4 cxd4 9. Ne2 e5 10. 0-0 Bg4 11. h3 Bxe2 12. Qxe2 Rc8 13. g4 Qc7 14. Rf2 0-0 15. f5 h6 16. g5 hxg5 17. Bxg5 Nh7 18. h4 f6 19. fxg6 Nxg5 20. Qh5 Bh8 21. hxg5 fxg5 22. Raf1 Rxf2 23. Rxf2 Qe7 24. Rf7 1-0

[Event "Leiden LCT op-B 11th"]
[Site "Leiden"]
[Date "2017.07.17"]
[Round "4"]
[White "Coiffait, Casimir"]
[Black "Van Ginkel, Henk"]
[Result "1-0"]
[WhiteElo "1853"]
[BlackElo "1846"]
[PlyCount "35"]
[EventDate "2017.07.14"]
[EventType "swiss"]
[EventRounds "9"]
[EventCountry "NED"]
[SourceTitle "EXT 2018"]
[Source "ChessBase"]
[SourceDate "2017.10.13"]
[SourceVersion "1"]
[SourceVersionDate "2017.10.13"]
[SourceQuality "1"]

1. e4 d6 2. d4 Nf6 3. Nc3 g6 4. f3 c6 5. Be3 b5 6. Qd2 Nbd7 7. 0-0-0 Qa5 8. Kb1 Bb7 9. g4 Nb6 10. Nd5 Qxd2 11. Nxf6+ exf6 12. Bxd2 0-0-0 13. Nh3 Nc4 14. Bxc4 bxc4 15. Ba5 Rd7 16. Rhe1 d5 17. exd5 cxd5 18. Re8+ 1-0

[Event "Lisbon Portugal op"]
[Site "Lisbon"]
[Date "2017.02.10"]
[Round "9"]
[White "Van Ginkel, Henk"]
[Black "Rey Malde, Henrique"]
[Result "0-1"]
[WhiteElo "1822"]
[BlackElo "2126"]
[PlyCount "79"]
[EventDate "2017.02.04"]
[EventType "swiss"]
[EventRounds "9"]
[EventCountry "POR"]
[SourceTitle "CBM 176 Extra"]
[Source "ChessBase"]
[SourceDate "2017.03.02"]
[SourceVersion "1"]
[SourceVersionDate "2017.03.02"]
[SourceQuality "1"]

1. e4 c5 2. Nc3 a6 3. a4 Nc6 4. g3 e6 5. Bg2 Nf6 6. d3 d5 7. exd5 exd5 8. Nge2 d4 9. Ne4 Nxe4 10. Bxe4 Bg4 11. h3 Bd7 12. Bf4 Be7 13. 0-0 Bxh3 14. Re1 Be6 15. Kg2 Qd7 16. Rh1 g5 17. Bd2 f5 18. Bxc6 Qxc6+ 19. f3 Bd5 20. Ng1 0-0-0 21. c4 dxc3 22. Bxc3 Rhe8 23. Rxh7 Kb8 24. Qc2 g4 25. Rf1 Bd6 26. Bf6 Rc8 27. Bg5 Ka8 28. Rh6 Qc7 29. Bh4 Re3 30. Rf6 Rce8 31. Rxf5 gxf3+ 32. R1xf3 Qc6 33. Qf2 Rxd3 34. Kh3 Bxf3 35. Rxf3 Rxf3 36. Qxf3 Qxa4 37. Qc3 Qd4 38. Qc1 Qf2 39. Kg4 Rg8+ 40. Bg5 0-1

[Event "Lisbon Portugal op"]
[Site "Lisbon"]
[Date "2017.02.09"]
[Round "8"]
[White "Van Ginkel, Henk"]
[Black "Anguera Maestro, Jaime"]
[Result "1-0"]
[WhiteElo "1822"]
[BlackElo "2106"]
[PlyCount "55"]
[EventDate "2017.02.04"]
[EventType "swiss"]
[EventRounds "9"]
[EventCountry "POR"]
[SourceTitle "CBM 176 Extra"]
[Source "ChessBase"]
[SourceDate "2017.03.02"]
[SourceVersion "1"]
[SourceVersionDate "2017.03.02"]
[SourceQuality "1"]

1. e4 c5 2. Nc3 Nc6 3. g3 g6 4. Bg2 Bg7 5. d3 d6 6. f4 e6 7. Nf3 Nge7 8. 0-0 0-0 9. Be3 Nd4 10. e5 Nef5 11. Bf2 Nxf3+ 12. Qxf3 Nd4 13. Qd1 dxe5 14. fxe5 Bxe5 15. Ne4 Nf5 16. Nxc5 Bd4 17. Qe2 Qe7 18. Ne4 Rd8 19. g4 Bxb2 20. Rab1 Nd4 21. Qd2 f5 22. Rxb2 fxe4 23. Bxe4 Qf6 24. Rb4 Qg7 25. Bh4 Rf8 26. Rxf8+ Kxf8 27. Qf2+ Nf5 28. gxf5 1-0

[Event "Lisbon Portugal op"]
[Site "Lisbon"]
[Date "2017.02.05"]
[Round "4"]
[White "Van Ginkel, Henk"]
[Black "Hill, Alistair"]
[Result "1/2-1/2"]
[WhiteElo "1822"]
[BlackElo "2200"]
[PlyCount "49"]
[EventDate "2017.02.04"]
[EventType "swiss"]
[EventRounds "9"]
[EventCountry "POR"]
[SourceTitle "CBM 176 Extra"]
[Source "ChessBase"]
[SourceDate "2017.03.02"]
[SourceVersion "1"]
[SourceVersionDate "2017.03.02"]
[SourceQuality "1"]

1. e4 c5 2. Nc3 Nc6 3. g3 g6 4. Bg2 Bg7 5. d3 d6 6. f4 e6 7. Nf3 Nge7 8. 0-0 0-0 9. Be3 b6 10. e5 d5 11. Nb5 f6 12. exf6 Bxf6 13. c3 a6 14. Na3 Qd6 15. d4 cxd4 16. Nxd4 Bd7 17. Nxc6 Bxc6 18. Nc2 Ba4 19. Qd2 Bxc2 20. Qxc2 Rac8 21. Qd2 Rfd8 22. Rad1 b5 23. a3 Nc6 24. Qf2 Rd7 25. Bc5 1/2-1/2

[Event "Leiden op-A 10th"]
[Site "Leiden"]
[Date "2016.07.23"]
[Round "8"]
[White "Van Ginkel, Henk"]
[Black "Noordijk, Ed"]
[Result "1/2-1/2"]
[WhiteElo "1823"]
[BlackElo "1868"]
[PlyCount "76"]
[EventDate "2016.07.15"]
[EventType "swiss"]
[EventRounds "9"]
[EventCountry "NED"]
[SourceTitle "CBM 173 Extra"]
[Source "ChessBase"]
[SourceDate "2016.08.29"]
[SourceVersion "1"]
[SourceVersionDate "2016.08.29"]
[SourceQuality "1"]

1. e4 d6 2. d4 Nf6 3. Bd3 Nbd7 4. c4 e5 5. d5 Be7 6. Nc3 c6 7. f4 exf4 8. Bxf4 Ne5 9. Be2 Ng6 10. Be3 0-0 11. g4 Nd7 12. Nf3 Nde5 13. h3 Nh4 14. Nxh4 Bxh4+ 15. Kf1 Qf6+ 16. Kg2 Ng6 17. Qf1 Qe5 18. Qf3 Bf6 19. Kg1 Nh4 20. Qf4 Bg5 21. Qf2 h6 22. Bd4 Qe7 23. Bd3 c5 24. Be3 f5 25. Bxg5 Qxg5 26. Rf1 Bd7 27. exf5 Bxf5 28. Bxf5 Rxf5 29. Qe2 Rxf1+ 30. Kxf1 Rf8+ 31. Kg1 Qf4 32. Ne4 Nf3+ 33. Kg2 Nd4 34. Qd3 Qe5 35. Rf1 Rxf1 36. Kxf1 Qf4+ 37. Kg2 Qc1 38. Qd2 Qxd2+ 1/2-1/2

[Event "Guernsey op 41st"]
[Site "Vale"]
[Date "2015.10.22"]
[Round "5"]
[White "Van Ginkel, Henk"]
[Black "Von Saldern, Ruediger"]
[Result "1-0"]
[WhiteElo "1906"]
[BlackElo "1950"]
[PlyCount "117"]
[EventDate "2015.10.18"]
[EventType "swiss"]
[EventRounds "7"]
[EventCountry "GCI"]
[SourceTitle "EXT 2017"]
[Source "ChessBase"]
[SourceDate "2016.10.25"]
[SourceVersion "1"]
[SourceVersionDate "2016.10.25"]
[SourceQuality "1"]

1. e4 e5 2. Bc4 Bc5 3. d3 d6 4. Nc3 Be6 5. Bb3 Bxb3 6. axb3 Nc6 7. Na4 Bb6 8. Nxb6 axb6 9. Rxa8 Qxa8 10. Ne2 Nge7 11. 0-0 Ng6 12. Ng3 Nd4 13. c3 Ne6 14. Nf5 0-0 15. h4 Re8 16. Qg4 Qd8 17. g3 Qf6 18. Rd1 Ne7 19. d4 exd4 20. cxd4 Nxf5 21. exf5 h5 22. Qe4 d5 23. Qxd5 Nxd4 24. Qxd4 Qxd4 25. Rxd4 Re1+ 26. Kg2 Rxc1 27. Rc4 Rxc4 28. bxc4 Kf8 29. Kf3 Ke7 30. Ke4 Kd6 31. Kd4 Kc6 32. f3 Kd6 33. g4 f6 34. b3 c5+ 35. Ke4 Kc6 36. gxh5 b5 37. cxb5+ Kxb5 38. Kd5 Kb4 39. h6 gxh6 40. Ke6 Kxb3 41. Kxf6 c4 42. Kg7 c3 43. f6 c2 44. f7 c1Q 45. f8Q b5 46. f4 b4 47. f5 Qf4 48. f6 Qxh4 49. f7 Qg5+ 50. Kh7 Qf5+ 51. Kh8 Kc2 52. Qg7 b3 53. f8Q Qxf8+ 54. Qxf8 b2 55. Qc5+ Kd2 56. Qd4+ Ke2 57. Qc4+ Kd2 58. Qb3 Kc1 59. Qc3+ 1-0

[Event "Leiden SB-ch"]
[Site "Leiden"]
[Date "2009.06.02"]
[Round "3"]
[White "Van Ginkel, Henk"]
[Black "Hellenberg, Jan Amerik"]
[Result "0-1"]
[WhiteElo "1842"]
[BlackElo "2010"]
[PlyCount "44"]
[EventDate "2009.05.19"]
[EventType "swiss"]
[EventRounds "7"]
[EventCountry "NED"]
[SourceTitle "EXT 2012"]
[Source "ChessBase"]
[SourceDate "2011.11.24"]
[SourceVersion "1"]
[SourceVersionDate "2011.11.24"]
[SourceQuality "1"]

1. e4 e6 2. d4 d5 3. e5 c5 4. dxc5 Nc6 5. Bb5 Bxc5 6. Qg4 Nge7 7. Nf3 Qb6 8. Bxc6+ bxc6 9. Qxg7 Rg8 10. Qxh7 Bxf2+ 11. Kd1 Ba6 12. Nc3 Rxg2 13. Qh8+ Rg8 14. Qf6 Nf5 15. Bg5 Qxb2 16. Kd2 Be3+ 17. Bxe3 Rg2+ 18. Bf2 Rxf2+ 19. Ke1 Rxf3 20. Na4 Qb4+ 21. c3 Qe4+ 22. Kd2 Rf2+ 0-1